Études Mésopotamiennes – Mesopotamian Studies N°4 – 2024

محفوظ في:

المؤلف الرئيسي: Ilaria Calini

التنسيق: كتاب

اللغة: Undetermined

الوصول للمادة أونلاين: Login to view Source

الوسوم: إضافة وسم

لا توجد وسوم, كن أول من يضع وسما على هذه التسجيلة!

رقم الطلب:

LEADER 00460nmm a2200133Ia 4500
008 240716s9999||||xx |||||||||||||||||und||
020 |a 9781803277141 
020 |a 9781803277158 
100 |a Ilaria Calini 
245 1 0 |a Études Mésopotamiennes – Mesopotamian Studies N°4 – 2024  |c Ilaria Calini 
264 |b Archaeopress Archaeology  |c 25-يناير-24 
856 4 0 |u http://library.arce.org:8087/Archaeopress/Products/9781803277141 
942 |2 lcc  |c EBOOK 
999 |c 58959  |d 58959